000 00329nam a2200121Ia 4500
008 190216s9999||||xx |||||||||||||| ||und||
100 _aSanyasaiah K&Amp;Ranganathachari
245 0 _aMoney Banking And International Trade And Public Finance
260 _bMaruti Books
_c1971
300 _a772p
650 _aEconomics
942 _cBK
999 _c9113
_d9113